University libraries in Bangladesh : (Record no. 761)
[ view plain ]
| 000 -LEADER | |
|---|---|
| fixed length control field | 01105cam a2200313 a 4500 |
| 001 - CONTROL NUMBER | |
| control field | 761 |
| 003 - CONTROL NUMBER IDENTIFIER | |
| rucl marc code | BD-RjUL |
| 005 - DATE AND TIME OF LATEST TRANSACTION | |
| control field | 20211208233227.0 |
| 008 - FIXED-LENGTH DATA ELEMENTS--GENERAL INFORMATION | |
| fixed length control field | 131123s2004 bg bs 001 0 eng |
| 020 ## - INTERNATIONAL STANDARD BOOK NUMBER | |
| International Standard Book Number | 9843212991 |
| 035 ## - SYSTEM CONTROL NUMBER | |
| System control number | (BD-RjUL)781 |
| 040 ## - CATALOGING SOURCE | |
| Original cataloging agency | DLC |
| Transcribing agency | DLC |
| Modifying agency | DLC |
| -- | BD-RjUL |
| Language of cataloging | eng |
| 041 ## - LANGUAGE CODE | |
| Language code of text/sound track or separate title | eng |
| 082 00 - DEWEY DECIMAL CLASSIFICATION NUMBER | |
| Edition number | 19 |
| Classification number | 027.75492 |
| Author mark and year | MOU 2004 |
| 100 1# - MAIN ENTRY--PERSONAL NAME | |
| Personal name | Mostafa, Md. Golam |
| 9 (RLIN) | 2268 |
| 245 10 - TITLE STATEMENT | |
| Title | University libraries in Bangladesh : |
| Remainder of title | problems and prospects / |
| Statement of responsibility, etc. | Md. Golam Mostafa, Amit Kumar Bandyopadhyay. |
| 250 ## - EDITION STATEMENT | |
| Edition statement | 1st ed. |
| 260 ## - PUBLICATION, DISTRIBUTION, ETC. (IMPRINT) | |
| Place of publication, distribution, etc. | Rajshahi : |
| Name of publisher, distributor, etc. | Hilali Foundation ; |
| -- | Distributor, Eureka Book Agency, |
| Date of publication, distribution, etc. | c2004. |
| 300 ## - PHYSICAL DESCRIPTION | |
| Pagination | 294 p. ; |
| Size | 24 cm. |
| 500 ## - GENERAL NOTE | |
| General note | Includes statistical tables. |
| 504 ## - BIBLIOGRAPHY, ETC. NOTE | |
| Bibliography, etc | Includes bibliographical references (p. 287-292) and index. |
| 650 #0 - SUBJECT ADDED ENTRY--TOPICAL TERM | |
| Topical term or geographic name as entry element | Academic libraries |
| Geographic subdivision | Bangladesh. |
| 9 (RLIN) | 2269 |
| Topical term or geographic name as entry element | Library surveys |
| Geographic subdivision | Bangladesh. |
| 9 (RLIN) | 2270 |
| 700 1# - ADDED ENTRY--PERSONAL NAME | |
| Personal name | Bandyopadhyay, Amit Kumar. |
| 856 41 - ELECTRONIC LOCATION AND ACCESS | |
| Materials specified | Table of contents only |
| Uniform Resource Identifier | <a href="http://www.loc.gov/catdir/toc/fy0713/2006454659.html">http://www.loc.gov/catdir/toc/fy0713/2006454659.html</a> |
| 942 ## - ADDED ENTRY ELEMENTS (KOHA) | |
| Source of classification or shelving scheme | Dewey Decimal Classification |
| Koha item type | Books |
| Lost status | Source of classification or shelving scheme | Damaged status | Not for loan | Collection code | Permanent Location | Current Location | Shelving location | Date acquired | Source of acquisition | Cost, normal purchase price | Total Checkouts | Full call number | Date last seen | Copy number | Koha item type | Date checked out |
|---|---|---|---|---|---|---|---|---|---|---|---|---|---|---|---|---|
| Dewey Decimal Classification | Non-fiction | Central Library, University of Rajshahi | Central Library, University of Rajshahi | 28/07/2004 | Author | 500.00 | 027.75492 MOU 2004 | 23/11/2013 | C-4 | Books | ||||||
| Dewey Decimal Classification | Non-fiction | Central Library, University of Rajshahi | Central Library, University of Rajshahi | 28/07/2004 | Author | 500.00 | 027.75492 MOU 2004 | 23/11/2013 | C10 | Books | ||||||
| Dewey Decimal Classification | Non-fiction | Central Library, University of Rajshahi | Central Library, University of Rajshahi | 28/07/2004 | Author | 500.00 | 2 | 027.75492 MOU 2004 | 27/01/2016 | C-6 | Books | 11/01/2016 | ||||
| Dewey Decimal Classification | Non-fiction | Central Library, University of Rajshahi | Central Library, University of Rajshahi | 28/07/2004 | Author | 500.00 | 3 | 027.75492 MOU 2004 | 24/01/2016 | C-7 | Books | 30/12/2015 | ||||
| Dewey Decimal Classification | Non-fiction | Central Library, University of Rajshahi | Central Library, University of Rajshahi | 28/07/2004 | Author | 500.00 | 1 | 027.75492 MOU 2004 | 29/01/2014 | C-3 | Books | 29/01/2014 | ||||
| Dewey Decimal Classification | Not For Loan | Non-fiction | Central Library, University of Rajshahi | Central Library, University of Rajshahi | Reading Room | 20/11/2012 | Author | 500.00 | 027.75492 MOU 2004 | 30/01/2014 | C-1 | Books | ||||
| Dewey Decimal Classification | Non-fiction | Central Library, University of Rajshahi | Central Library, University of Rajshahi | 28/07/2004 | Author | 500.00 | 1 | 027.75492 MOU 2004 | 19/10/2014 | C-2 | Books | 19/10/2014 | ||||
| Dewey Decimal Classification | Non-fiction | Central Library, University of Rajshahi | Central Library, University of Rajshahi | 28/07/2004 | Author | 500.00 | 2 | 027.75492 MOU 2004 | 27/01/2016 | C-5 | Books | 11/01/2016 | ||||
| Dewey Decimal Classification | Non-fiction | Central Library, University of Rajshahi | Central Library, University of Rajshahi | 01/11/2015 | Author | 500.00 | 027.75492 MOU 2004 | 01/11/2015 | C.8 | Books | ||||||
| Dewey Decimal Classification | Non-fiction | Central Library, University of Rajshahi | Central Library, University of Rajshahi | 28/07/2004 | Author | 500.00 | 027.75492 MOU 2004 | 28/05/2016 | C-9 | Books |